[Event "Summer Classic"]
[Site "Boise, ID"]
[Date "2019.07.13"]
[Round "3.7"]
[White "Wang, Leonardo"]
[Black "Roland, Jeffrey"]
[Result "0-1"]
[WhiteElo "642"]
[BlackElo "1700"]
[EventType "swiss"]
[EventRounds "4"]
[EventCountry "USA"]

1. d4 d5 2. Bf4 c5 3. c3 e6 4. e3 Nc6 5. Bd3 Nf6 6. Nf3 Be7 7. Bg3 Qb6 8. Qc2
Bd7 9. Ne5 cxd4 10. Nxd7 Kxd7 11. exd4 Rac8 12. Nd2 Nxd4 13. Qa4+ Nc6 14. Qc2
Nh5 15. Kd1 Nxg3 16. fxg3 Kd8 17. Rf1 Nb4 18. Qb1 Nxd3 19. Qxd3 Qxb2 20. Qb1
Qxc3 21. Rxf7 Rc7 22. Rf3 Qd4 23. Rd3 Qg1+ 24. Ke2 Qxg2+ 25. Ke1 Rf8 26. Rf3
Rxf3 27. Nxf3 Qxf3 28. Qxh7 Bb4# 0-1

[Event "Hall Of Fame"]
[Site "Boise, ID"]
[Date "2019.08.24"]
[Round "2.108"]
[White "Roland, Jeffrey"]
[Black "Gokei, Cole"]
[Result "1/2-1/2"]
[WhiteElo "1700"]
[BlackElo "804"]
[EventType "swiss"]
[EventRounds "4"]
[EventCountry "USA"]

1. e4 e5 2. Nf3 Nc6 3. Bb5 Nge7 4. c3 a6 5. Ba4 b5 6. Bb3 d5 7. h3 h6 8. exd5
Nxd5 9. d3 Nb6 10. O-O Bc5 11. Nxe5 Nxe5 12. d4 Bxd4 13. cxd4 Ng6 14. Re1+ Ne7
15. Qe2 Bb7 16. Nc3 b4 17. Bxf7+ Kxf7 18. Qe6+ Ke8 19. Ne4 Bd5 20. Qe5 Rh7 21.
Nc5 Qd6 22. Bf4 Nc4 23. Qf5 g6 24. Bxd6 gxf5 25. Bxc7 Rg7 26. g3 Nxb2 27. Re2
Ra7 28. Bb6 Bf3 29. Rxb2 Ra8 30. Re1 Rb8 31. Rxb4 a5 32. Bxa5 Rxb4 33. Bxb4
Kd8 34. Ne6+ Kd7 35. Nxg7 Nd5 36. Bc5 f4 37. g4 Kc6 38. Re6+ Kb5 39. Rxh6 Kc4
40. Ne6 Nc3 41. Nxf4 Bb7 42. Re6 Nxa2 43. h4 Bc8 44. Rg6 Nc3 45. h5 Ne4 46. h6
Bxg4 47. Rxg4 Nf6 48. Rg6 Nd7 49. h7 Nf8 50. h8=Q Nxg6 51. Qf6 Nxf4 52. Qd6
Nd3 53. Qe6+ Kc3 54. d5 Nxc5 55. Qc6 Kd4 56. Qxc5+ Kxc5 57. Kg2 Kxd5 58. Kg3
Ke5 59. Kg4 Kf6 60. Kf4 Kg6 61. Kg4 Kf6 62. f4 Kg6 63. f5+ Kf6 64. Kf4 Kg7 65.
Kg5 Kf7 66. f6 Kf8 67. Kg6 Kg8 68. f7+ Kf8 69. Kf6 {#d} 1/2-1/2

[Event "Summer Classic"]
[Site "Boise, ID"]
[Date "2019.07.13"]
[Round "2.2"]
[White "Roland, Jeffrey"]
[Black "Aderogba, Temiloluwa"]
[Result "0-1"]
[WhiteElo "1700"]
[BlackElo "1199"]
[EventType "swiss"]
[EventRounds "4"]
[EventCountry "USA"]

1. e4 e5 2. Nf3 Nc6 3. Bb5 a6 4. Ba4 b5 5. Bb3 Nf6 6. Ng5 d5 7. exd5 Na5 8. d6
Nxb3 9. Qf3 Nxa1 10. Qxa8 Nxc2+ 11. Kf1 Nd4 12. d3 h6 13. Ne4 Nxe4 14. Qxe4
Bxd6 15. f4 Bf5 16. Qe3 Qf6 17. Nc3 O-O {#R} 0-1

[Event "Hall Of Fame"]
[Site "Boise, ID"]
[Date "2019.08.24"]
[Round "1.102"]
[White "Wang, William"]
[Black "Roland, Jeffrey"]
[Result "1-0"]
[WhiteElo "1213"]
[BlackElo "1700"]
[EventType "swiss"]
[EventRounds "4"]
[EventCountry "USA"]

1. d4 d5 2. Nf3 Nf6 3. Bf4 e6 4. e3 Nbd7 5. c3 Be7 6. Nbd2 O-O 7. Bd3 c5 8. b3
a6 9. Qc2 cxd4 10. cxd4 b5 11. Qc6 Ra7 12. Rc1 Nb6 13. Bc7 Rxc7 14. Qxc7 Ba3
15. Qxd8 Rxd8 16. Rc2 Nfd7 17. O-O f6 18. Nb1 Bd6 19. Rc6 Be7 20. Rfc1 e5 21.
dxe5 fxe5 22. Bf5 Nb8 23. Be6+ Bxe6 24. Rxe6 Kf7 25. Rxb6 Bf6 26. Rc7+ Kf8 27.
Nc3 d4 28. exd4 exd4 29. Nd5 Rxd5 30. Rxb8+ Bd8 31. Kf1 d3 32. Ke1 h6 33. Kd2
{#r} 1-0

[Event "Summer Classic"]
[Site "Boise, ID"]
[Date "2019.07.13"]
[Round "1.2"]
[White "Yang, Daniel"]
[Black "Roland, Jeffrey"]
[Result "0-1"]
[WhiteElo "750"]
[BlackElo "1700"]
[EventType "swiss"]
[EventRounds "4"]
[EventCountry "USA"]

1. e4 e5 2. Nf3 Nc6 3. Bb5 a6 4. Bxc6 dxc6 5. Nxe5 Qd4 6. Nf3 Qxe4+ 7. Qe2
Qxe2+ 8. Kxe2 Bg4 9. Re1 O-O-O 10. Kf1 Bxf3 11. gxf3 Bd6 12. Kg1 Ne7 13. d3
Nf5 14. Re4 Rhe8 15. Nd2 g5 16. Rxe8 Rxe8 17. Ne4 Nh4 18. Nxg5 Re1# 0-1

[Event "Idaho Closed"]
[Site "Twin Falls, ID"]
[Date "2017.02.20"]
[Round "6"]
[White "Saltaga, Samir"]
[Black "Roland, Jeffrey"]
[Result "0-1"]
[WhiteElo "1627"]
[BlackElo "1771"]

1. d4 d5 2. Bf4 Bf5 3. e3 Nd7 4. c3 Ngf6 5. Bd3 Bxd3 6. Qxd3 h6 7. h3 e6 8.
Nf3 c5 9. Ne5 cxd4 10. exd4 Be7 11. Nd2 O-O 12. Qg3 Nh5 13. Qg4 Nxf4 14. Qxf4
Bg5 15. Qf3 Nxe5 16. dxe5 Bxd2+ 17. Kxd2 d4 18. Kc2 dxc3 19. bxc3 Qc7 20. Rhe1
b5 21. Rab1 Qa5 22. Kb2 Rab8 23. Ka1 Rfc8 24. Rb4 Rb6 25. Re3 Ra6 26. Re2 Rc5
27. Qa8+ Kh7 28. Qe4+ g6 29. Qd4 Qc7 30. Reb2 Rb6 31. f4 Rxc3 32. Rb1 a6 33.
h4 h5 34. Rg1 Rc1+ 35. Rxc1 Qxc1+ 36. Rb1 Qc7 37. g4 hxg4 38. Qg1 Qc3+ 39. Rb2
Rc6 40. Qxg4 Qe1+ 41. Rb1 Rc1 42. a4 Qc3+ 43. Ka2 Rc2+ {#R} 0-1

[Event "Idaho Closed"]
[Site "Twin Falls, ID"]
[Date "2017.02.20"]
[Round "5"]
[White "Roland, Jeffrey"]
[Black "Xu, Kevin"]
[Result "1/2-1/2"]
[WhiteElo "1771"]
[BlackElo "1670"]

1. d4 Nf6 2. Nf3 e6 3. c4 b6 4. g3 Bb7 5. Bg2 Be7 6. Nc3 O-O 7. Qc2 d5 8. b3
c5 9. dxc5 Bxc5 10. cxd5 Nxd5 11. a3 Nxc3 12. Qxc3 Nd7 13. Bb2 Nf6 14. Rd1 Qe7
15. O-O Rac8 16. Qe5 Rfd8 17. e3 h6 18. Qf4 Nd5 19. Qh4 Qxh4 20. Nxh4 Be7 21.
Nf3 Ba6 22. Rfe1 Rc2 23. Bd4 Bxa3 24. Ra1 Bb4 25. Rxa6 Bxe1 26. Nxe1 Rc1 27.
Kf1 Nb4 28. Ra1 Rxa1 29. Bxa1 Rd1 30. Bc3 Na2 31. Bd4 Rb1 32. Be4 Rxb3 33. Bc2
Rb5 34. Bd3 Ra5 35. Bb2 b5 36. Bc2 b4 37. Nd3 Rb5 38. Bb3 Nc3 39. Ke1 a5 40.
Kd2 a4 41. Bc4 Ne4+ {#d} 1/2-1/2

[Event "Western Idaho Open"]
[Site "Boise, ID"]
[Date "2017.12.09"]
[Round "4.102"]
[White "Machakos, Seth"]
[Black "Roland, Jeffrey"]
[Result "1-0"]
[WhiteElo "1475"]
[BlackElo "1716"]
[EventType "swiss"]
[EventCountry "USA"]

1. e4 e6 2. d4 c5 3. c3 cxd4 4. cxd4 d5 5. e5 Nc6 6. Nf3 Bd7 7. Be2 Qb6 8. a3
Nge7 9. b4 a5 10. b5 Na7 11. a4 Rc8 12. Ba3 Ng6 13. Bxf8 Rxf8 14. O-O f6 15.
Bd3 f5 16. Qd2 h6 17. Nc3 Ne7 18. h4 g6 19. Ne2 Rh8 20. Rfc1 Kf7 21. Rxc8
Naxc8 22. Rc1 Qd8 23. Rc2 b6 24. Qc1 Ng8 25. Rc7 Nce7 26. Nf4 Nc8 27. Qc6 Ke8
28. Qb7 g5 29. hxg5 hxg5 30. Nxg5 Qxg5 31. Rxd7 Nge7 32. Nxe6 Qh6 33. Rd8+ Kf7
34. Rxh8 Qxh8 35. Bxf5 Qh5 36. Bh3 Qd1+ 37. Kh2 Qxa4 38. Nd8+ Ke8 39. Qd7+ Kf8
40. Ne6+ Kf7 41. Ng5+ Kf8 42. Qd8+ Kg7 43. Ne6+ Kh6 44. Qf8+ {(Time Forfeit)}
{#r} 1-0

[Event "Idaho Closed"]
[Site "Twin Falls, ID"]
[Date "2017.02.19"]
[Round "4"]
[White "Machin, Alex"]
[Black "Roland, Jeffrey"]
[Result "1/2-1/2"]
[WhiteElo "1675"]
[BlackElo "1771"]

1. e4 e5 2. Bc4 Nf6 3. d3 Bc5 4. Nf3 Nc6 5. c3 d6 6. Nbd2 h6 7. Bb3 Bd7 8. h3
Qe7 9. Nf1 Nh5 10. Ne3 Nf4 11. Nd5 Nxd5 12. exd5 Nb8 13. O-O O-O 14. d4 exd4
15. Nxd4 Qf6 16. Be3 Qe5 17. Qf3 Bxd4 18. Bxd4 Qf5 19. Qg3 Qg5 20. Rfe1 Qxg3
21. fxg3 Re8 22. Rxe8+ Bxe8 23. Re1 Nd7 24. Kf2 f6 25. Re3 Ne5 26. Bxe5 fxe5
27. Bc4 Bg6 28. Bd3 Rf8+ 29. Ke1 Bxd3 30. Rxd3 Rf6 {#d} 1/2-1/2

[Event "Players Memorial"]
[Site "Mountain Home, ID"]
[Date "2017.06.17"]
[Round "4"]
[White "Machin, Alex"]
[Black "Roland, Jeffrey"]
[Result "1-0"]
[WhiteElo "1664"]
[BlackElo "1647"]
[EventType "swiss"]
[EventCountry "USA"]

1. e4 e5 2. Nf3 Nf6 3. Nc3 Nc6 4. Bb5 d6 5. d4 exd4 6. Qxd4 Bd7 7. Bxc6 bxc6
8. e5 dxe5 9. Nxe5 Bd6 10. O-O O-O 11. Bg5 Bxe5 12. Qxe5 Re8 13. Qf4 Re6 14.
Rad1 Qc8 15. Bxf6 Rxf6 16. Qa4 Rd6 17. Ne4 c5 18. Nxd6 cxd6 19. Qf4 d5 20.
Rxd5 Be6 21. Rd6 Qb7 22. Rfd1 h6 23. b3 c4 24. h3 cxb3 25. axb3 Rc8 26. Rd8+
Kh7 27. Rxc8 Qxc8 28. c4 Qb7 29. Qe3 a5 30. Qd3+ g6 31. Rd2 Bf5 32. Qc3 Qc7
33. c5 Be6 34. c6 f5 35. Rd4 Qg7 36. c7 Bc8 37. Qc5 Qf6 38. Rd8 Qe6 39. Qf8
Qe1+ 40. Kh2 Qe5+ 41. g3 Qxc7 42. Qg8# 1-0

[Event "Western Idaho Open"]
[Site "Boise, ID"]
[Date "2017.12.09"]
[Round "3.102"]
[White "Roland, Jeffrey"]
[Black "Dagher, Gaby"]
[Result "1-0"]
[WhiteElo "1716"]
[BlackElo "1808"]
[EventType "swiss"]
[EventCountry "USA"]

1. d4 d5 2. c4 dxc4 3. e3 b5 4. a4 Bd7 5. axb5 Bxb5 6. Nc3 Bc6 7. d5 Bb7 8.
Bxc4 Nd7 9. Qb3 Nb6 10. Bb5+ Nd7 11. Bxd7+ Kxd7 12. Qxb7 e5 13. Qc6+ Ke7 14.
b3 {#r} 1-0

[Event "Idaho Closed"]
[Site "Twin Falls, ID"]
[Date "2017.02.19"]
[Round "3"]
[White "Roland, Jeffrey"]
[Black "Porth, Desmond"]
[Result "0-1"]
[WhiteElo "1771"]
[BlackElo "1387"]

1. e4 c5 2. Nf3 d6 3. d4 cxd4 4. Qxd4 Nc6 5. Bb5 a6 6. Bxc6+ bxc6 7. c4 e5 8.
Qd3 Nf6 9. Bg5 Be7 10. Nc3 O-O 11. O-O a5 12. b3 Ne8 13. Bxe7 Qxe7 14. Nd2 f5
15. f4 Qa7+ 16. Kh1 Qd4 17. Rf3 fxe4 18. Qxd4 exd4 19. Ncxe4 c5 20. Raf1 Bb7
21. R3f2 Rd8 22. Ng5 Nc7 23. f5 Rde8 24. h4 h6 25. Nh3 Re3 26. Kh2 Ne8 27. g4
Nf6 28. Rg1 Rfe8 29. Nf4 Re1 30. Nf1 R8e4 31. g5 hxg5 32. hxg5 Nh5 33. Nxh5
Rh4+ 34. Kg3 Rxh5 35. Kg4 Rh8 36. Rg3 Re4+ 37. Kf3 Rhh4 {#R} 0-1

[Event "Western Idaho Open"]
[Site "Boise, ID"]
[Date "2017.12.09"]
[Round "2.105"]
[White "Kitterman, Andrew Nicholas"]
[Black "Roland, Jeffrey"]
[Result "0-1"]
[WhiteElo "1166"]
[BlackElo "1716"]
[EventType "swiss"]
[EventCountry "USA"]

1. e4 e6 2. d4 d5 3. Nc3 dxe4 4. Nxe4 Nd7 5. Nf3 Ngf6 6. Ng3 c5 7. Be3 Qb6 8.
Rb1 Qa5+ 9. c3 Qxa2 10. Bd3 cxd4 11. Bxd4 Qa5 12. O-O Be7 13. Ra1 Qc7 14. Rxa7
Rxa7 15. Bxa7 b6 16. Qa4 O-O 17. Ne4 Nxe4 18. Qxe4 Nf6 19. Qa4 Bb7 20. Nd4 Ng4
21. g3 Ne5 22. Be2 Ra8 23. Ra1 g6 24. h4 Nd7 25. Nb3 Nc5 26. Nxc5 Bxc5 27. Bb5
Qxg3+ {#R} 0-1

[Event "Players Memorial"]
[Site "Mountain Home, ID"]
[Date "2017.06.17"]
[Round "2"]
[White "Ang, Nobel"]
[Black "Roland, Jeffrey"]
[Result "0-1"]
[WhiteElo "1252"]
[BlackElo "1647"]
[EventType "swiss"]
[EventCountry "USA"]

1. d4 d5 2. c4 e6 3. Nc3 Be7 4. Nf3 Nf6 5. Bg5 h6 6. Bh4 O-O 7. e3 b6 8. Bd3
dxc4 9. Bxc4 Bb7 10. O-O Nbd7 11. Rc1 c5 12. Bg3 Rc8 13. Nb5 a6 14. Nd6 Bxd6
15. Bxd6 Re8 16. Bd3 cxd4 17. Rxc8 Qxc8 18. Nxd4 e5 19. Nf5 e4 20. Ne7+ Rxe7
21. Bxe7 exd3 22. Qxd3 Qc6 23. f3 Nd5 24. Ba3 Qe6 25. e4 Qg6 26. Qd2 N5f6 27.
Rc1 Ne5 28. Qe3 b5 29. Rc7 Nc4 30. Qa7 Bxe4 {#R} 0-1

[Event "Idaho Closed"]
[Site "Twin Falls, ID"]
[Date "2017.02.18"]
[Round "2"]
[White "Booth, Tom R"]
[Black "Roland, Jeffrey"]
[Result "0-1"]
[WhiteElo "1641"]
[BlackElo "1771"]

1. d4 d5 2. Nf3 Nf6 3. e3 e6 4. Bd3 Bd6 5. Nbd2 Nbd7 6. O-O O-O 7. c3 b6 8. e4
dxe4 9. Bxe4 Nxe4 10. Nxe4 Bb7 11. Nxd6 cxd6 12. Bf4 Nf6 13. Bg5 h6 14. Bh4
Be4 15. Re1 Bf5 16. a4 g5 17. Bg3 Ne4 18. Nd2 Nxg3 19. hxg3 Qd7 20. Ne4 Kg7
21. a5 Qc6 22. d5 exd5 23. Qd4+ f6 24. Nd2 Qc5 25. Re7+ Kg6 26. axb6 axb6 27.
Raa7 Rxa7 28. Rxa7 Qxd4 29. cxd4 Rc8 30. Nf3 Rc1+ 31. Kh2 Rc2 32. Rb7 Rxb2 33.
Kg1 b5 34. Rb8 b4 35. Rb6 b3 36. Rxd6 Ra2 37. Ne5+ Kg7 38. Nf3 b2 39. Nd2 Ra1+
40. Kh2 Rd1 {#R} 0-1

[Event "Western Idaho Open"]
[Site "Boise, ID"]
[Date "2017.12.09"]
[Round "1.105"]
[White "Roland, Jeffrey"]
[Black "Baumann, Andrew J"]
[Result "1-0"]
[WhiteElo "1716"]
[BlackElo "516"]
[EventType "swiss"]
[EventCountry "USA"]

1. d4 e6 2. c4 Qf6 3. a3 c5 4. Nf3 b6 5. Bg5 Qf5 6. d5 exd5 7. cxd5 Bb7 8. Nc3
Nf6 9. e4 Nxe4 10. Bd3 Bxd5 11. Qc2 c4 12. Nxd5 cxd3 13. Nc7# 1-0

[Event "Idaho Closed"]
[Site "Twin Falls, ID"]
[Date "2017.02.18"]
[Round "1"]
[White "Roland, Jeffrey"]
[Black "Vereshchagin, Aleksandr"]
[Result "1-0"]
[WhiteElo "1771"]
[BlackElo "1230"]

1. e4 Nc6 2. Nc3 e5 3. Nf3 Bb4 4. Nd5 Bc5 5. c3 Nf6 6. d4 exd4 7. cxd4 Bb6 8.
Bg5 Ba5+ 9. Nc3 h6 10. Bxf6 Qxf6 11. Bc4 d6 12. O-O Bg4 13. Nd5 Bxf3 14. Nxf6+
Ke7 15. Nd5+ Kd7 16. Qxf3 Raf8 17. Bb5 a6 18. Bxc6+ bxc6 19. Qf5+ Kd8 20. Nf4
Bd2 21. Rfd1 Bxf4 22. Qxf4 f6 23. Qf5 g5 24. Rac1 Rf7 25. Rxc6 Rhf8 26. Rxa6
{#r} 1-0

[Event "Players Memorial"]
[Site "Mountain Home, ID"]
[Date "2017.06.17"]
[Round "1"]
[White "Roland, Jeffrey"]
[Black "Porth, Darwin"]
[Result "1-0"]
[WhiteElo "1647"]
[BlackElo "1011"]
[EventType "swiss"]
[EventCountry "USA"]

1. d4 e6 2. c4 d5 3. Nf3 c5 4. cxd5 exd5 5. Nc3 Nf6 6. Bg5 Be7 7. dxc5 Bxc5 8.
Bxf6 Qxf6 9. Qxd5 Bb4 10. Qe4+ Kf8 11. Qxb4+ Qe7 12. Qxe7+ Kxe7 13. Nd5+ Ke8
14. Nc7+ Kd7 15. Nxa8 Rd8 16. Rd1+ Ke8 17. Nc7+ Ke7 18. Rxd8 Kxd8 19. Nd5 b6
20. e4 Bb7 21. Bc4 Bxd5 22. Bxd5 f6 23. Ke2 Kc7 24. Nd4 a6 25. Ne6+ Kd6 26.
Nxg7 Nd7 27. Rc1 Ne5 28. f4 Ng6 29. Nf5+ Kd7 30. g3 {#r} 1-0

[Event "Idaho Scholastic 9-12 State Ch."]
[Site "Boise, ID"]
[Date "2017.03.04"]
[Round "1"]
[White "Gorven, Jeffrey"]
[Black "Roland, Jeffrey"]
[Result "0-1"]
[WhiteElo "616"]
[BlackElo "1771"]
[EventType "swiss"]
[EventRounds "5"]
[EventCountry "USA"]

1. d4 Nf6 2. e3 e6 3. c3 b6 4. Nf3 Bb7 5. Na3 c5 6. Nb5 a6 7. Na3 Be7 8. Qb3
Nc6 9. Ne5 Na5 10. Qa4 O-O 11. h4 d6 12. Nec4 Nxc4 13. Qxc4 Ne4 14. Bd3 Nxf2
15. Kxf2 Bxh4+ 16. g3 Bxh1 17. gxh4 Qxh4+ 18. Kg1 b5 19. Qb3 c4 20. Nxc4 bxc4
21. Bxc4 Be4 22. Be2 Qe1+ 23. Bf1 Qg3+ 24. Bg2 Qxg2# 0-1